| 000 | 00534nam a2200181 a 4500 | ||
|---|---|---|---|
| 001 | BRCA_1009 | ||
| 005 | 20190320203236.0 | ||
| 008 | 000000s2004 mx-a---###---#000-0#spa-u | ||
| 020 | _a968575618X | ||
| 050 | 4 |
_aF1261 _b.B37 _c2004 |
|
| 100 | 1 |
_aBargellini, Clara _92612 |
|
| 245 | 1 | 0 |
_aMisiones para Chihuahua _cClara Bargellini. |
| 260 |
_aMéxico _bGrupo Cemento de Chihuahua _c2004 |
||
| 300 |
_a174 p. _bil. a color _c33 cm. |
||
| 505 | 0 | _aBibliografía: p. 173-174 | |
| 651 | 4 |
_aChihuahua (México) _xHistoria _93324 |
|
| 942 |
_2lcc _cB |
||
| 999 |
_c890 _d890 |
||